| 000 | 00612nam a2200217Ia 4500 | ||
|---|---|---|---|
| 005 | 20221011131413.0 | ||
| 008 | 131103s9999 xx 000 0 und d | ||
| 020 |
_a876926545 _cRs.75.00 |
||
| 040 | _aLoreto College | ||
| 041 | _aEnglish | ||
| 082 |
_a150.724 _bMCG |
||
| 100 | _aMcGuigan,F.J. | ||
| 245 |
_aExperimental psychology _b Methods of research _cF.J.McGuigan |
||
| 250 | _a5th ed | ||
| 260 |
_aNew Delhi _bPrentice-Hall of India _c1990 |
||
| 300 | _axii,387p | ||
| 504 | _aIncludes bibliographical references and index | ||
| 650 | _aExperimental psychology | ||
| 850 | _aLCLIB | ||
| 942 | _cBK | ||
| 999 |
_c18053 _d68532 |
||